Oeuvres de Piron, d'Allainval, Fagan, Lachaussée, Lefranc de Pompignan, Lanoue, Gresset. (Record no. 169850)
[ view plain ]
| 000 -LEADER | |
|---|---|
| campo de control de longitud fija | 01347nam a2200289 i 4500 |
| 001 - NÚMERO DE CONTROL | |
| campo de control | 169850 |
| 003 - IDENTIFICADOR DE NÚMERO DE CONTROL | |
| campo de control | ES-MaACL |
| 005 - FECHA Y HORA DE LA ÚLTIMA TRANSACCIÓN | |
| campo de control | 20230906214223.0 |
| 008 - DATOS DE LONGITUD FIJA--INFORMACIÓN GENERAL | |
| campo de control de longitud fija | 081205s1828 fr |||| | fre d |
| 245 00 - MENCIÓN DEL TÍTULO | |
| Título | Oeuvres de Piron, d'Allainval, Fagan, Lachaussée, Lefranc de Pompignan, Lanoue, Gresset. |
| 250 ## - MENCION DE EDICION | |
| Mención de edición | Nouvelle éd. |
| 260 ## - PUBLICACIÓN, DISTRIBUCIÓN, ETC. | |
| Lugar de publicación, distribución, etc. | Paris : |
| Nombre del editor, distribuidor, etc. | Baudouin frères, |
| Fecha de publicación, distribución, etc. | 1828. |
| 300 ## - DESCRIPCIÓN FÍSICA | |
| Extensión | 609 p. ; |
| Dimensiones | 14 x 7 cm. |
| 490 1# - MENCIÓN DE SERIE | |
| Mención de serie | Répertoire du théatre francais ; |
| Designación de volumen o secuencia | 13 |
| 500 ## - NOTA GENERAL | |
| Nota general | Índice. |
| 505 8# - NOTA DE CONTENIDO CON FORMATO | |
| Nota de contenido con formato | Contiene: ; |
| Título | La métromanie / |
| Mención de responsabilidad | Piron. -- |
| Título | L'école des bourgeois / |
| Mención de responsabilidad | d'Allainval. -- |
| Título | Les originaux / |
| Mención de responsabilidad | Fagan. -- |
| Título | L'école des mères / |
| Mención de responsabilidad | Lachaussée. -- |
| Título | Didon / |
| Mención de responsabilidad | Lefranc de Pompignan. -- |
| Título | Mahomet second ; La coquette corrigée / |
| Mención de responsabilidad | Lanoue. -- |
| Título | Le méchant / |
| Mención de responsabilidad | Gresset. |
| 700 1# - ENTRADA AGREGADA--NOMBRE PERSONAL | |
| Nombre de persona | Piron, Alexis. |
| 9 (RLIN) | 139028 |
| 700 1# - ENTRADA AGREGADA--NOMBRE PERSONAL | |
| Nombre de persona | Allainval, Léonor-Jean-Christine Soulas d'. |
| 9 (RLIN) | 139029 |
| 700 1# - ENTRADA AGREGADA--NOMBRE PERSONAL | |
| Nombre de persona | Fagan, Barthélemy-Christophe. |
| 9 (RLIN) | 139030 |
| 700 1# - ENTRADA AGREGADA--NOMBRE PERSONAL | |
| Nombre de persona | Lachaussée, Pierre-Claude Nivelle de . |
| 9 (RLIN) | 139031 |
| 700 1# - ENTRADA AGREGADA--NOMBRE PERSONAL | |
| Nombre de persona | Pompignan, Jean-Jacques Lefranc. |
| 9 (RLIN) | 139032 |
| 700 1# - ENTRADA AGREGADA--NOMBRE PERSONAL | |
| Nombre de persona | Lanoue, Jean-Baptiste de. |
| 9 (RLIN) | 139033 |
| 700 0# - ENTRADA AGREGADA--NOMBRE PERSONAL | |
| Nombre de persona | Gresset, Jean Baptiste Louis. |
| 9 (RLIN) | 59952 |
| 830 0# - PUNTO DE ACCESO ADICIONAL DE SERIE-TÍTULO UNIFORME | |
| Título uniforme | Répertoire du théatre francais ; |
| Designación de volumen o secuencia | 13 |
| 9 (RLIN) | 222911 |
| 852 4# - LOCALIZACIÓN | |
| Ubicación | ES-MaACL |
| Número de control de estantería | E-12330 |
| itemnumber | R.190477 |
| Nota libre | - Biblioteca Jacinto Martínez Lacalle |
| Estatus retirado | Estado de pérdida | Estado de daño | No para préstamo | Colección | Biblioteca de origen | Biblioteca actual | Ubicación en estantería | Fecha de adquisición | Fuente de adquisición | Total de préstamos | Signatura topográfica completa | Código de barras | Visto por última vez | Precio de reemplazo | Tipo de ítem Koha |
|---|---|---|---|---|---|---|---|---|---|---|---|---|---|---|---|
| Libros del s. XIX | Biblioteca del Ateneo de Madrid | Biblioteca del Ateneo de Madrid | Depósito 2 | 05/12/2008 | E-12330 | 1178323 | 23/02/2023 | 23/02/2023 | Libro impreso antiguo |
